Κλιματικές αλλαγές στη γεωργία και περιβαλλοντική εκπαίδευση
Αποθηκεύτηκε σε:
| Κύριος συγγραφέας: | |
|---|---|
| Συγγραφή απο Οργανισμό/Αρχή: | |
| Άλλοι συγγραφείς: | , |
| Μορφή: | Thesis Βιβλίο |
| Γλώσσα: | Greek |
| Δημοσίευση: |
2010
|
| Θέματα: | |
| Διαθέσιμο Online: | http://hdl.handle.net/11610/15321 |
| Ετικέτες: |
Προσθήκη ετικέτας
Δεν υπάρχουν, Καταχωρήστε ετικέτα πρώτοι!
|
MARC
| LEADER | 00000cam a2200000 i 4500 | ||
|---|---|---|---|
| 001 | 1/15463 | ||
| 008 | 111007s2010 gre d | ||
| 035 | |l 10110995 | ||
| 040 | |a GR-MY-UA |b gre |e aacr | ||
| 041 | 0 | |a gre | |
| 082 | 0 | |a 630.1 |2 (22) | |
| 100 | 1 | |a Παλαιολόγος, Χαράλαμπος. | |
| 245 | 1 | 0 | |a Κλιματικές αλλαγές στη γεωργία και περιβαλλοντική εκπαίδευση / |c Παλαιολόγος Χαράλαμπος ; υπεύθυνη καθηγήτρια: Κωνσταντίνα Τσαμπούκου-Σκαναβή, συνεπιβλέπουσα: Μαρία Σακελάρη |
| 260 | |c 2010 | ||
| 300 | |a 201 σ.; |c 30 εκ. | ||
| 500 | |a Βιβλιογραφία: σ. 175-193 | ||
| 502 | |a Διατριβή (μεταπτυχιακή) – Πανεπιστήμιο Αιγαίου, Λέσβος, 2010. | ||
| 650 | 0 | 0 | |a Agriculture |x Environmental aspects. |
| 650 | 0 | 0 | |a Environmental education. |
| 650 | 0 | 0 | |a Environmental protection |x Citizen participation. |
| 650 | 0 | 0 | |a Environmental policy |x Citizen participation. |
| 650 | 0 | 0 | |a Climatic changes |x Environmental aspects. |
| 650 | 0 | 0 | |a Dissertations, Academic |z Greece. |
| 700 | 1 | |a Τσαμπούκου-Σκαναβή, Κωνσταντίνα. |4 ths | |
| 700 | 1 | |a Σακελάρη, Μαρία. |4 ths | |
| 710 | 2 | |a Πανεπιστήμιο Αιγαίου |b Σχολή Περιβάλλοντος |b Τμήμα Περιβάλλοντος |b Πρόγραμμα Μεταπτυχιακών Σπουδών Γεωργία και Περιβάλλον. | |
| 852 | |a INST |b LESVOS |c DIATR |e 20111007 |h 403 |p 005100051447 |q 005100051447 |t MTXE |y 23 | ||
| 852 | |a INST |b LESVOS |c DIATR |e 20111007 |h 404 |p 005100051446 |q 005100051446 |t MTXE |y 23 | ||
| 856 | |u http://hdl.handle.net/11610/15321 | ||
| 901 | |a BIBL1-2011-3 | ||
| 909 | |a Λ |b 171711 | ||
| 909 | |a Λ |b 171712 | ||
| 924 | |a ΠΑΛΑΙΟΛΟΓΟΣ |b ΧΑΡΑΛΑΜΠΟΣ |y ΛΕΣΒΟΣ |z 2010-12 | ||
| 970 | |a ΤΖΑΦΕΡΗ |b ΕΥΑΓΓΕΛΙΑ |z 2011/10/07 | ||